Reglamento de Organización, Funcionamiento y Régimen Jurídico de las Entidades Locales / por la redacción de: El Consultor de los Ayuntamientos y de los Juzgados El Consultor de los Ayuntamientos y de los Juzgados
ISBN:
84-7052-173-X
Descripción Física:
2 v. ; 24 cm
Colección:
Publicaciones Abella
MARC
| LEADER | 00000nam a2200000Ia 4500 | ||
|---|---|---|---|
| 001 | 18174, 18175 | ||
| 008 | 160829s1990 xx 000 0 cat d | ||
| 020 | |a 84-7052-173-X | ||
| 080 | |a D-3-112, D-3-113 | ||
| 110 | 2 | |a Consultor de los Ayuntamiento y de los Juzgados |9 55140 | |
| 245 | |a Reglamento de Organización, Funcionamiento y Régimen Jurídico de las Entidades Locales / por la redacción de: |b El Consultor de los Ayuntamientos y de los Juzgados | ||
| 260 | |a Madrid : |b El Consultor, |c 1990 | ||
| 300 | |a 2 v. ; |c 24 cm | ||
| 490 | |a Publicaciones Abella | ||
| 650 | 0 | |a Administració local |x Dret i legislació |z Espanya |9 11255 | |
| 710 | 2 | |a Consultor de los Ayuntamiento y de los Juzgados |e entitat autora |9 55140 | |
| 901 | |a Arxiu | ||
| 942 | |n 1 |2 udc | ||
| 952 | |0 1 |1 0 |2 udc |4 0 |5 2 |6 D3112_D3113 |7 1 |9 42619 |a Arxiu |b Arxiu |d 2016-12-01 |l 0 |o D-3-112, D-3-113 |p 18174, 18175 |r 2016-12-01 00:00:00 |w 2016-12-01 |y ARXIU | ||
| 999 | |c 45124 |d 45124 | ||